000 02833cam a22003734a 4500
001 13593067
005 20171120110629.0
008 040514s2005 nju | b 001 0 eng d
010 _a 2004050522
015 _aGBA480005
_2bnb
016 7 _a013033212
_2Uk
020 _a9780691120935
020 _a0691120935
035 _a(OCoLC)ocm55220194
040 _aDLC
_cDLC
_dUKM
_dC#P
_dPMC
_dOCL
_dBAKER
_dNLGGC
_dDLC
042 _apcc
050 0 0 _aDS35.69
_b.R46 2005
082 0 0 _222
_a320.9176709045
_bREM
245 0 0 _aRemaking Muslim Politics :
_bPluralism, Contestation, Democratization /
_cRobert W. Hefner, editor.
260 _aPrinceton, N.J. :
_bPrinceton University Press,
_cc2005.
300 _axii, 358 p. ;
_c24 cm.
440 0 _aPrinceton studies in Muslim politics
_914403
504 _aIncludes bibliographical references and index.
505 0 _aIntroduction : Modernity and the remaking of Muslim politics / Robert W. Hefner -- New media in the Arab Middle East and the emergence of open societies / Dale F. Eickelman -- Pluralism, democracy, and the �Ulama / Muhammad Qasim Zaman -- The end of Islamism? Turkey's Muslimhood model / Jenny B. White -- Dilemmas of reform and democracy in the Islamic Republic of Iran / Bahman Baktiari -- Thwarted politics : the case of Egypt's Hizb al-Wasat / Augustus Richard Norton -- Rewriting divorce in Egypt : reclaiming Islam, legal activism, and coalition politics / Diane Singerman -- Empowering civility through nationalism : reformist Islam and belonging in Saudi Arabia / Gwenn Okruhlik -- An Islamic state is a state run by good Muslims : religion as a way of life and not an ideology in Afghanistan / Thomas Barfield -- Islam and the cultural politics of legitimacy : Malaysia in the aftermath of September 11 / Michael G. Peletz -- Muslim democrats and Islamist violence in post-Soeharto Indonesia / Robert W. Hefner -- Sufis and Salafis : the political discourse of transnational Islam / Peter Mandaville -- Pluralism and normativity in French Islamic reasoning / John R. Bowen.
651 0 _aIslamic countries
_xPolitics and government
_y20th century.
_914406
650 0 _914405
_aIslamic renewal
_zIslamic countries
650 0 _914404
_aIslam and politics
_zIslamic countries
700 1 _aHefner, Robert W.,
_d1952-
_914407
856 4 2 _3Publisher description
_uhttp://www.loc.gov/catdir/enhancements/fy0654/2004050522-d.html
856 4 1 _3Table of contents only
_uhttp://www.loc.gov/catdir/enhancements/fy0654/2004050522-t.html
856 4 2 _3Contributor biographical information
_uhttp://www.loc.gov/catdir/enhancements/fy0734/2004050522-b.html
942 _2ddc
_cBB
999 _c14028
_d14028